Kisho Kurokawa Kuala Lumpur International Airport (Record no. 5529)
[ view plain ]
| 000 -LEADER | |
|---|---|
| fixed length control field | 00293nam a2200109Ia 4500 |
| 008 - FIXED-LENGTH DATA ELEMENTS--GENERAL INFORMATION | |
| fixed length control field | 200302s9999 xx 000 0 und d |
| 100 ## - MAIN ENTRY--PERSONAL NAME | |
| Personal name | Dennis Sharp & Others |
| 245 ## - TITLE STATEMENT | |
| Title | Kisho Kurokawa Kuala Lumpur International Airport |
| 260 ## - PUBLICATION, DISTRIBUTION, ETC. | |
| Name of publisher, distributor, etc. | Axel Menges, Stuttgart |
| 260 ## - PUBLICATION, DISTRIBUTION, ETC. | |
| Date of publication, distribution, etc. | 1999 |
| 300 ## - PHYSICAL DESCRIPTION | |
| Extent | 47 P., |
| Withdrawn status | Lost status | Damaged status | Not for loan | Permanent Location | Current Location | Date acquired | Cost, normal purchase price | Full call number | Barcode | Date last seen | Price effective from | Koha item type |
|---|---|---|---|---|---|---|---|---|---|---|---|---|
| BMS College of Architecture, Design and Planning | BMS College of Architecture, Design and Planning | 2020-03-03 | 2037.00 | 725.39095951 | CL-PG42417 | 2020-03-03 | 2020-03-03 | PG Books from CL |